[Event "DEM U14 2023"]
[Site "Willingen GER"]
[Date "2023.05.30"]
[Round "4"]
[White "Haug, Havard"]
[Black "Wunderlich, Elias"]
[Result "1/2-1/2"]
[Termination "normal"]
[Board "1"]
[WhiteTitle "CM"]
[WhiteElo "2202"]
[BlackElo "1815"]
[WhiteClock "00:28:01"]
[BlackClock "00:04:20"]
[PlyCount "238"]
[WhiteFideId "1547887"]
[BlackFideId "34608087"]
[EventCountry "GER"]
[EventRounds "9"]
[EventType "swiss"]
[EventDate "2023.05.27"]

1. e4 {[%clk 01:30:58]} e6 {[%clk 01:30:57]} {[%emt 00:00:04]} 2. d4 {[%clk
01:31:15]} {[%emt 00:00:13]} d5 {[%clk 01:31:22]} {[%emt 00:00:05]} 3. e5
{[%clk 01:31:37]} {[%emt 00:00:07]} c5 {[%clk 01:31:48]} {[%emt 00:00:04]} 4.
c3 {[%clk 01:32:01]} {[%emt 00:00:06]} Nc6 {[%clk 01:32:15]} {[%emt 00:00:04]}
5. Nf3 {[%clk 01:32:24]} {[%emt 00:00:06]} Qb6 {[%clk 01:32:40]} {[%emt
00:00:05]} 6. Be2 {[%clk 01:32:47]} {[%emt 00:00:07]} Nh6 {[%clk 01:32:57]}
{[%emt 00:00:13]} 7. Bxh6 {[%clk 01:32:56]} {[%emt 00:00:22]} Qxb2 {[%clk
01:33:22]} {[%emt 00:00:04]} 8. Be3 {[%clk 01:26:28]} {[%emt 00:06:59]} cxd4
{[%clk 01:30:51]} {[%emt 00:03:01]} 9. Nxd4 {[%clk 01:24:34]} {[%emt 00:02:24]}
Qxa1 {[%clk 01:29:46]} {[%emt 00:01:35]} 10. Qc2 {[%clk 01:22:40]} {[%emt
00:02:24]} Nxd4 {[%clk 01:28:49]} {[%emt 00:01:27]} 11. Bxd4 {[%clk 01:21:34]}
{[%emt 00:01:35]} Ba3 {[%clk 01:29:06]} {[%emt 00:00:13]} 12. O-O {[%clk
01:21:54]} {[%emt 00:00:11]} Qb2 {[%clk 01:29:24]} {[%emt 00:00:11]} 13. Qd3
{[%clk 01:14:29]} {[%emt 00:07:56]} Be7 {[%clk 01:24:52]} {[%emt 00:05:02]} 14.
c4 {[%clk 01:01:07]} {[%emt 00:13:52]} Qxa2 {[%clk 01:23:01]} {[%emt 00:02:19]}
15. Nc3 {[%clk 01:01:28]} {[%emt 00:00:10]} Qxc4 {[%clk 01:01:20]} {[%emt
00:22:11]} 16. Qe3 {[%clk 00:58:51]} {[%emt 00:03:07]} Qc7 {[%clk 00:53:16]}
{[%emt 00:08:35]} 17. Nb5 {[%clk 00:53:21]} {[%emt 00:06:00]} Qd8 {[%clk
00:50:53]} {[%emt 00:02:53]} 18. Bxa7 {[%clk 00:53:23]} {[%emt 00:00:28]} Rxa7
{[%clk 00:48:55]} {[%emt 00:02:29]} 19. Qxa7 {[%clk 00:52:34]} {[%emt
00:01:18]} O-O {[%clk 00:48:26]} {[%emt 00:00:58]} 20. Qb8 {[%clk 00:38:48]}
{[%emt 00:14:17]} Bc5 {[%clk 00:43:05]} {[%emt 00:05:51]} 21. Nd6 {[%clk
00:37:32]} {[%emt 00:01:45]} b6 {[%clk 00:41:34]} {[%emt 00:02:01]} 22. Nxc8
{[%clk 00:28:18]} {[%emt 00:09:45]} Qxc8 {[%clk 00:41:08]} {[%emt 00:00:55]}
23. Qxc8 Rxc8 {[%clk 00:41:37]} 24. Rd1 {[%clk 00:26:09]} {[%emt 00:01:06]} Ra8
{[%clk 00:41:13]} {[%emt 00:00:54]} 25. Kf1 {[%clk 00:26:34]} {[%emt 00:00:05]}
Ra2 {[%clk 00:41:10]} {[%emt 00:00:33]} 26. f4 {[%clk 00:27:00]} {[%emt
00:00:04]} Kf8 {[%clk 00:40:50]} {[%emt 00:00:50]} 27. g3 {[%clk 00:26:51]}
{[%emt 00:00:39]} Ke7 {[%clk 00:41:07]} {[%emt 00:00:13]} 28. Rd3 {[%clk
00:25:00]} {[%emt 00:02:22]} g6 {[%clk 00:18:57]} {[%emt 00:22:40]} 29. g4
{[%clk 00:22:26]} {[%emt 00:03:03]} Ra4 {[%clk 00:18:26]} {[%emt 00:01:01]} 30.
Rf3 {[%clk 00:22:42]} {[%emt 00:00:14]} Ra1+ {[%clk 00:17:12]} {[%emt
00:01:44]} 31. Kg2 {[%clk 00:23:07]} {[%emt 00:00:04]} Ra2 {[%clk 00:16:43]}
{[%emt 00:00:59]} 32. Kf1 {[%clk 00:23:29]} {[%emt 00:00:09]} Ra1+ {[%clk
00:17:08]} {[%emt 00:00:05]} 33. Kg2 {[%clk 00:23:52]} {[%emt 00:00:06]} Rg1+
{[%clk 00:17:29]} {[%emt 00:00:10]} 34. Kh3 {[%clk 00:24:18]} {[%emt 00:00:04]}
Re1 {[%clk 00:17:12]} {[%emt 00:00:47]} 35. Bd3 {[%clk 00:24:42]} {[%emt
00:00:07]} f6 {[%clk 00:11:32]} {[%emt 00:06:10]} 36. exf6+ {[%clk 00:23:07]}
{[%emt 00:02:04]} Kxf6 {[%clk 00:11:56]} {[%emt 00:00:06]} 37. Kg2 {[%clk
00:21:05]} {[%emt 00:02:31]} Re3 {[%clk 00:11:47]} {[%emt 00:00:40]} 38. Rxe3
{[%clk 00:20:54]} {[%emt 00:00:42]} Bxe3 {[%clk 00:12:15]} {[%emt 00:00:01]}
39. Kf3 {[%clk 00:21:23]} {[%emt 00:00:01]} Bc1 {[%clk 00:12:12]} {[%emt
00:00:33]} 40. h4 {[%clk 00:19:36]} {[%emt 00:02:17]} e5 {[%clk 00:11:23]}
{[%emt 00:01:19]} 41. fxe5+ {[%clk 00:18:58]} {[%emt 00:01:08]} Kxe5 {[%clk
00:11:52]} {[%emt 00:00:02]} 42. h5 {[%clk 00:16:37]} {[%emt 00:02:50]} gxh5
{[%clk 00:11:18]} {[%emt 00:01:04]} 43. gxh5 {[%clk 00:17:00]} {[%emt
00:00:08]} h6 {[%clk 00:09:59]} {[%emt 00:01:49]} 44. Ke2 {[%clk 00:09:54]}
{[%emt 00:07:35]} Kd4 {[%clk 00:10:01]} {[%emt 00:00:28]} 45. Ba6 {[%clk
00:05:37]} {[%emt 00:04:47]} Kc3 {[%clk 00:09:19]} {[%emt 00:01:13]} 46. Bd3
{[%clk 00:04:46]} {[%emt 00:01:22]} Bg5 {[%clk 00:07:11]} {[%emt 00:02:37]} 47.
Ba6 {[%clk 00:03:46]} {[%emt 00:01:30]} Kc2 {[%clk 00:06:29]} {[%emt 00:01:11]}
48. Bb7 {[%clk 00:02:54]} {[%emt 00:01:23]} d4 {[%clk 00:06:38]} {[%emt
00:00:21]} 49. Ba6 {[%clk 00:03:19]} {[%emt 00:00:05]} Kc3 {[%clk 00:06:30]}
{[%emt 00:00:37]} 50. Bd3 {[%clk 00:03:19]} {[%emt 00:00:30]} Be3 {[%clk
00:04:17]} {[%emt 00:02:43]} 51. Ba6 {[%clk 00:02:00]} {[%emt 00:01:49]} Kb4
{[%clk 00:03:52]} {[%emt 00:00:56]} 52. Kd3 {[%clk 00:02:07]} {[%emt 00:00:23]}
b5 {[%clk 00:04:03]} {[%emt 00:00:19]} 53. Bc8 {[%clk 00:02:30]} {[%emt
00:00:06]} Kb3 {[%clk 00:03:42]} {[%emt 00:00:50]} 54. Be6+ {[%clk 00:14:57]}
{[%emt 00:18:04]} Kb2 {[%clk 00:33:31]} {[%emt 00:00:38]} 55. Bf7 {[%clk
00:14:05]} {[%emt 00:01:26]} b4 {[%clk 00:32:45]} {[%emt 00:01:15]} 56. Be6
{[%clk 00:14:05]} {[%emt 00:00:30]} b3 {[%clk 00:29:33]} {[%emt 00:03:42]} 57.
Bf7 {[%clk 00:13:52]} {[%emt 00:00:43]} Ka3 {[%clk 00:29:18]} {[%emt 00:00:45]}
58. Bc4 {[%clk 00:14:01]} {[%emt 00:00:20]} b2 {[%clk 00:19:03]} {[%emt
00:10:46]} 59. Kc2 {[%clk 00:14:22]} {[%emt 00:00:09]} Bc1 {[%clk 00:15:14]}
{[%emt 00:04:19]} 60. Bg8 {[%clk 00:13:52]} {[%emt 00:00:59]} d3+ {[%clk
00:15:02]} {[%emt 00:00:43]} 61. Kb1 {[%clk 00:14:19]} {[%emt 00:00:03]} Kb4
{[%clk 00:08:10]} {[%emt 00:07:22]} 62. Be6 {[%clk 00:13:22]} {[%emt 00:01:27]}
Kc3 {[%clk 00:05:38]} {[%emt 00:03:02]} 63. Bg4 {[%clk 00:13:38]} {[%emt
00:00:13]} Kd4 {[%clk 00:04:41]} {[%emt 00:01:28]} 64. Bd1 {[%clk 00:13:51]}
{[%emt 00:00:17]} Ke3 {[%clk 00:04:51]} {[%emt 00:00:20]} 65. Bg4 {[%clk
00:14:08]} {[%emt 00:00:13]} Kf2 {[%clk 00:03:23]} {[%emt 00:01:57]} 66. Bd1
{[%clk 00:14:31]} {[%emt 00:00:07]} Kg3 {[%clk 00:02:26]} {[%emt 00:01:28]} 67.
Ka2 {[%clk 00:14:48]} {[%emt 00:00:14]} Kf4 {[%clk 00:02:23]} {[%emt 00:00:32]}
68. Kb1 {[%clk 00:15:11]} {[%emt 00:00:06]} Ke5 {[%clk 00:01:48]} {[%emt
00:01:06]} 69. Bg4 {[%clk 00:15:33]} {[%emt 00:00:07]} Kd4 {[%clk 00:02:05]}
{[%emt 00:00:14]} 70. Bd1 {[%clk 00:15:53]} {[%emt 00:00:10]} Kc3 {[%clk
00:02:26]} {[%emt 00:00:10]} 71. Bg4 {[%clk 00:16:07]} {[%emt 00:00:14]} Bg5
{[%clk 00:02:34]} {[%emt 00:00:22]} 72. Bf3 {[%clk 00:16:26]} {[%emt 00:00:11]}
Bf6 {[%clk 00:02:41]} {[%emt 00:00:23]} 73. Bg4 {[%clk 00:16:35]} {[%emt
00:00:23]} Kd2 {[%clk 00:02:51]} {[%emt 00:00:19]} 74. Bf3 {[%clk 00:16:58]}
{[%emt 00:00:06]} Ke1 {[%clk 00:01:57]} {[%emt 00:01:25]} 75. Bg4 {[%clk
00:17:16]} {[%emt 00:00:13]} d2 {[%clk 00:01:47]} {[%emt 00:00:39]} 76. Kc2
{[%clk 00:17:42]} {[%emt 00:00:04]} Bc3 {[%clk 00:02:01]} {[%emt 00:00:15]} 77.
Bf3 {[%clk 00:18:03]} {[%emt 00:00:09]} Kf2 {[%clk 00:02:14]} {[%emt 00:00:17]}
78. Bd1 {[%clk 00:18:09]} {[%emt 00:00:25]} Ke3 {[%clk 00:01:56]} {[%emt
00:00:47]} 79. Bg4 {[%clk 00:18:27]} {[%emt 00:00:12]} Kd4 {[%clk 00:01:52]}
{[%emt 00:00:34]} 80. Bd1 {[%clk 00:18:45]} {[%emt 00:00:13]} Kc4 {[%clk
00:01:58]} {[%emt 00:00:24]} 81. Bg4 {[%clk 00:19:05]} {[%emt 00:00:09]} Kb4
{[%clk 00:02:13]} {[%emt 00:00:16]} 82. Bd1 {[%clk 00:19:24]} {[%emt 00:00:11]}
Kc4 {[%clk 00:01:32]} {[%emt 00:01:11]} 83. Bg4 {[%clk 00:19:40]} {[%emt
00:00:13]} Kd4 {[%clk 00:01:35]} {[%emt 00:00:27]} 84. Bd1 {[%clk 00:19:54]}
{[%emt 00:00:17]} Ke3 {[%clk 00:01:43]} {[%emt 00:00:22]} 85. Bg4 {[%clk
00:20:10]} {[%emt 00:00:14]} Kf2 {[%clk 00:01:30]} {[%emt 00:00:42]} 86. Bd1
{[%clk 00:20:32]} {[%emt 00:00:08]} Be5 {[%clk 00:01:38]} {[%emt 00:00:23]} 87.
Bg4 {[%clk 00:20:51]} {[%emt 00:00:11]} Ke1 {[%clk 00:01:46]} {[%emt 00:00:22]}
88. Bf3 {[%clk 00:21:17]} {[%emt 00:00:03]} Kf1 {[%clk 00:01:44]} {[%emt
00:00:32]} 89. Bd1 {[%clk 00:21:32]} {[%emt 00:00:15]} Bc3 {[%clk 00:01:20]}
{[%emt 00:00:55]} 90. Bf3 {[%clk 00:21:46]} {[%emt 00:00:16]} Ke1 {[%clk
00:01:20]} {[%emt 00:00:30]} 91. Bg4 {[%clk 00:22:10]} {[%emt 00:00:06]} Bg7
{[%clk 00:01:24]} {[%emt 00:00:26]} 92. Bf3 {[%clk 00:22:33]} {[%emt 00:00:07]}
Kf2 {[%clk 00:01:40]} {[%emt 00:00:14]} 93. Bd1 {[%clk 00:22:52]} {[%emt
00:00:10]} Ke3 {[%clk 00:01:52]} {[%emt 00:00:19]} 94. Bg4 {[%clk 00:23:12]}
{[%emt 00:00:10]} Ke4 {[%clk 00:02:12]} {[%emt 00:00:10]} 95. Bd1 {[%clk
00:23:26]} {[%emt 00:00:15]} Kd5 {[%clk 00:02:10]} {[%emt 00:00:33]} 96. Bg4
{[%clk 00:23:44]} {[%emt 00:00:11]} Kc4 {[%clk 00:02:29]} {[%emt 00:00:11]} 97.
Bf3 {[%clk 00:24:03]} {[%emt 00:00:11]} Kb4 {[%clk 00:02:43]} {[%emt 00:00:17]}
98. Bd1 {[%clk 00:24:15]} {[%emt 00:00:18]} Ka3 {[%clk 00:02:03]} {[%emt
00:01:10]} 99. Kb1 {[%clk 00:24:40]} {[%emt 00:00:04]} Kb4 {[%clk 00:02:17]}
{[%emt 00:00:16]} 100. Kc2 {[%clk 00:24:59]} {[%emt 00:00:12]} Kc5 {[%clk
00:02:32]} {[%emt 00:00:15]} 101. Bg4 {[%clk 00:24:57]} {[%emt 00:00:32]} Kd5
{[%clk 00:02:48]} {[%emt 00:00:13]} 102. Bf3+ {[%clk 00:25:13]} {[%emt
00:00:15]} Ke6 {[%clk 00:02:58]} {[%emt 00:00:20]} 103. Bg4+ {[%clk 00:25:35]}
{[%emt 00:00:08]} Ke5 {[%clk 00:03:08]} {[%emt 00:00:20]} 104. Kxb2 {[%clk
00:24:48]} {[%emt 00:01:17]} Kf4+ {[%clk 00:03:28]} {[%emt 00:00:09]} 105. Kc2
{[%clk 00:25:16]} {[%emt 00:00:02]} Kxg4 {[%clk 00:03:49]} {[%emt 00:00:09]}
106. Kxd2 {[%clk 00:25:44]} {[%emt 00:00:03]} Kf3 {[%clk 00:02:16]} {[%emt
00:02:02]} 107. Ke1 {[%clk 00:25:57]} {[%emt 00:00:17]} Bd4 {[%clk 00:02:32]}
{[%emt 00:00:14]} 108. Kf1 {[%clk 00:26:20]} {[%emt 00:00:07]} Bc5 {[%clk
00:02:38]} {[%emt 00:00:24]} 109. Ke1 {[%clk 00:26:38]} {[%emt 00:00:11]} Kg2
{[%clk 00:02:58]} {[%emt 00:00:11]} 110. Kd1 {[%clk 00:25:37]} {[%emt
00:01:30]} Kf2 {[%clk 00:03:12]} {[%emt 00:00:16]} 111. Kd2 {[%clk 00:25:56]}
{[%emt 00:00:11]} Be3+ {[%clk 00:03:27]} {[%emt 00:00:16]} 112. Kc2 {[%clk
00:25:46]} {[%emt 00:00:40]} Kf3 {[%clk 00:03:13]} {[%emt 00:00:44]} 113. Kc3
{[%clk 00:25:44]} {[%emt 00:00:31]} Ke4 {[%clk 00:03:05]} {[%emt 00:00:38]}
114. Kc2 {[%clk 00:26:02]} {[%emt 00:00:12]} Kf3 {[%clk 00:03:08]} {[%emt
00:00:27]} 115. Kc3 {[%clk 00:26:20]} {[%emt 00:00:13]} Kg4 {[%clk 00:03:27]}
{[%emt 00:00:11]} 116. Kd3 {[%clk 00:26:45]} {[%emt 00:00:04]} Kxh5 {[%clk
00:03:30]} {[%emt 00:00:28]} 117. Kxe3 {[%clk 00:27:10]} {[%emt 00:00:05]} Kh4
{[%clk 00:03:40]} {[%emt 00:00:19]} 118. Kf2 {[%clk 00:27:36]} {[%emt
00:00:05]} Kh3 {[%clk 00:03:55]} {[%emt 00:00:15]} 119. Kg1 {[%clk 00:28:01]}
{[%emt 00:00:04]} h5 {[%clk 00:04:20]} {[%emt 00:00:06]} 1/2-1/2

[Event "DEM U14 2023"]
[Site "Willingen GER"]
[Date "2023.05.30"]
[Round "4"]
[White "Besou, Hussain"]
[Black "Malinowsky, Levi"]
[Result "1-0"]
[Termination "normal"]
[Board "2"]
[WhiteTitle "FM"]
[WhiteElo "2304"]
[BlackElo "2173"]
[WhiteClock "00:54:40"]
[BlackClock "00:43:50"]
[PlyCount "63"]
[WhiteFideId "16269950"]
[BlackFideId "16253094"]
[EventCountry "GER"]
[EventRounds "9"]
[EventType "swiss"]
[EventDate "2023.05.27"]

1. e4 {[%clk 01:30:54]} {[%emt 00:00:05]} c5 {[%clk 01:30:55]} {[%emt
00:00:06]} 2. Nf3 {[%clk 01:31:19]} {[%emt 00:00:05]} d6 {[%clk 01:31:15]}
{[%emt 00:00:09]} 3. d4 {[%clk 01:31:43]} {[%emt 00:00:06]} cxd4 {[%clk
01:31:41]} {[%emt 00:00:04]} 4. Nxd4 {[%clk 01:32:07]} {[%emt 00:00:06]} Nf6
{[%clk 01:32:04]} {[%emt 00:00:07]} 5. Nc3 {[%clk 01:32:32]} {[%emt 00:00:05]}
a6 {[%clk 01:32:27]} {[%emt 00:00:08]} 6. Bg5 {[%clk 01:32:51]} {[%emt
00:00:10]} Nbd7 {[%clk 01:32:09]} {[%emt 00:00:48]} 7. f4 {[%clk 01:32:51]}
{[%emt 00:00:31]} Qc7 {[%clk 01:31:58]} {[%emt 00:00:41]} 8. Qf3 {[%clk
01:33:10]} {[%emt 00:00:10]} h6 {[%clk 01:31:31]} {[%emt 00:00:57]} 9. Bxf6
{[%clk 01:32:39]} {[%emt 00:01:01]} Nxf6 {[%clk 01:31:12]} {[%emt 00:00:49]}
10. f5 {[%clk 01:33:04]} {[%emt 00:00:05]} b5 {[%clk 01:27:56]} {[%emt
00:03:46]} 11. Nd5 {[%clk 01:31:12]} {[%emt 00:02:22]} Qc5 {[%clk 01:17:03]}
{[%emt 00:11:23]} 12. O-O-O {[%clk 01:24:19]} {[%emt 00:07:23]} e5 {[%clk
01:03:28]} {[%emt 00:14:06]} 13. fxe6 {[%clk 01:18:19]} {[%emt 00:06:30]} fxe6
{[%clk 01:03:01]} {[%emt 00:00:57]} 14. Nxf6+ {[%clk 01:05:58]} {[%emt
00:12:50]} gxf6 {[%clk 01:03:27]} {[%emt 00:00:05]} 15. e5 {[%clk 01:06:22]}
{[%emt 00:00:06]} fxe5 {[%clk 00:56:49]} {[%emt 00:07:07]} 16. Nxe6 {[%clk
01:05:31]} {[%emt 00:01:21]} Bxe6 {[%clk 00:55:27]} {[%emt 00:01:51]} 17. Qxa8+
{[%clk 01:05:54]} {[%emt 00:00:08]} Qc8 {[%clk 00:53:59]} {[%emt 00:01:59]} 18.
Qa7 {[%clk 01:01:28]} {[%emt 00:04:55]} Be7 {[%clk 00:52:16]} {[%emt 00:02:13]}
19. Bd3 {[%clk 01:01:24]} {[%emt 00:00:34]} Rg8 {[%clk 00:52:03]} {[%emt
00:00:43]} 20. Kb1 {[%clk 00:58:55]} {[%emt 00:02:59]} d5 {[%clk 00:49:19]}
{[%emt 00:03:13]} 21. Qe3 {[%clk 00:55:55]} {[%emt 00:03:30]} e4 {[%clk
00:48:53]} {[%emt 00:00:57]} 22. Be2 {[%clk 00:56:16]} {[%emt 00:00:08]} Rxg2
{[%clk 00:47:09]} {[%emt 00:02:14]} 23. Bh5+ {[%clk 00:55:08]} {[%emt
00:01:39]} Kd8 {[%clk 00:46:29]} {[%emt 00:01:09]} 24. Qxe4 {[%clk 00:55:01]}
{[%emt 00:00:38]} Rg5 {[%clk 00:43:16]} {[%emt 00:03:43]} 25. Bf3 {[%clk
00:54:48]} {[%emt 00:00:42]} Ke8 {[%clk 00:43:15]} {[%emt 00:00:32]} 26. Qe2
{[%clk 00:54:17]} {[%emt 00:01:01]} Kf7 {[%clk 00:43:03]} {[%emt 00:00:43]} 27.
h4 {[%clk 00:53:56]} {[%emt 00:00:50]} Rf5 {[%clk 00:43:20]} {[%emt 00:00:13]}
28. Bg4 {[%clk 00:53:31]} {[%emt 00:00:55]} Rf6 {[%clk 00:43:42]} {[%emt
00:00:07]} 29. Bxe6+ {[%clk 00:53:51]} {[%emt 00:00:12]} Qxe6 {[%clk 00:44:03]}
{[%emt 00:00:08]} 30. Qh5+ {[%clk 00:54:16]} {[%emt 00:00:05]} Kf8 {[%clk
00:44:25]} {[%emt 00:00:07]} 31. Qxd5 {[%clk 00:54:27]} {[%emt 00:00:20]} Qe2
{[%clk 00:43:50]} {[%emt 00:01:05]} 32. Rhg1 {[%clk 00:54:40]} {[%emt
00:00:17]} 1-0

[Event "DEM U14 2023"]
[Site "Willingen GER"]
[Date "2023.05.30"]
[Round "4"]
[White "Korchynskyi, Mykola"]
[Black "Nechitaylo, Nikita"]
[Result "0-1"]
[Termination "normal"]
[Board "3"]
[WhiteElo "2126"]
[BlackElo "2144"]
[WhiteClock "00:34:56"]
[BlackClock "00:37:14"]
[PlyCount "76"]
[WhiteFideId "34138005"]
[BlackFideId "34138161"]
[EventCountry "GER"]
[EventRounds "9"]
[EventType "swiss"]
[EventDate "2023.05.27"]

1. c4 {[%clk 01:30:34]} {[%emt 00:00:25]} c5 {[%clk 01:30:26]} {[%emt
00:00:34]} 2. Nc3 {[%clk 01:30:52]} {[%emt 00:00:11]} Nc6 {[%clk 01:30:48]}
{[%emt 00:00:07]} 3. g3 {[%clk 01:31:08]} {[%emt 00:00:15]} g6 {[%clk
01:31:12]} {[%emt 00:00:07]} 4. Bg2 {[%clk 01:31:08]} {[%emt 00:00:29]} Bg7
{[%clk 01:31:35]} {[%emt 00:00:07]} 5. e4 {[%clk 01:31:27]} {[%emt 00:00:11]}
e6 {[%clk 01:31:40]} {[%emt 00:00:26]} 6. Nge2 {[%clk 01:30:54]} {[%emt
00:01:03]} Nge7 {[%clk 01:31:51]} {[%emt 00:00:18]} 7. O-O {[%clk 01:30:48]}
{[%emt 00:00:37]} O-O {[%clk 01:32:12]} {[%emt 00:00:09]} 8. d3 {[%clk
01:30:35]} {[%emt 00:00:43]} a6 {[%clk 01:31:25]} {[%emt 00:01:17]} 9. Rb1
{[%clk 01:24:43]} {[%emt 00:06:22]} d6 {[%clk 01:26:56]} {[%emt 00:04:59]} 10.
a3 {[%clk 01:23:49]} {[%emt 00:01:23]} Nd4 {[%clk 01:15:16]} {[%emt 00:12:10]}
11. b4 {[%clk 01:17:46]} {[%emt 00:06:34]} Nec6 {[%clk 01:15:08]} {[%emt
00:00:36]} 12. b5 {[%clk 01:07:02]} {[%emt 00:11:15]} axb5 {[%clk 01:12:24]}
{[%emt 00:03:15]} 13. Nxb5 {[%clk 01:07:18]} {[%emt 00:00:15]} Nxb5 {[%clk
01:12:46]} {[%emt 00:00:07]} 14. Rxb5 {[%clk 01:07:43]} {[%emt 00:00:04]} Qc7
{[%clk 01:10:11]} {[%emt 00:03:06]} 15. h4 {[%clk 01:02:30]} {[%emt 00:05:43]}
h5 {[%clk 01:04:41]} {[%emt 00:06:00]} 16. Kh1 {[%clk 00:51:15]} {[%emt
00:11:45]} Bd7 {[%clk 01:00:07]} {[%emt 00:05:03]} 17. Rb1 {[%clk 00:51:29]}
{[%emt 00:00:16]} Rfb8 {[%clk 00:55:02]} {[%emt 00:05:36]} 18. f4 {[%clk
00:48:09]} {[%emt 00:03:50]} Ne7 {[%clk 00:48:18]} {[%emt 00:07:14]} 19. Ng1
{[%clk 00:38:57]} {[%emt 00:09:41]} b5 {[%clk 00:43:30]} {[%emt 00:05:19]} 20.
f5 {[%clk 00:37:58]} {[%emt 00:01:30]} exf5 {[%clk 00:39:55]} {[%emt 00:04:04]}
21. exf5 {[%clk 00:37:32]} {[%emt 00:00:56]} Nxf5 {[%clk 00:40:03]} {[%emt
00:00:22]} 22. Bxa8 {[%clk 00:36:45]} {[%emt 00:01:17]} Rxa8 {[%clk 00:39:18]}
{[%emt 00:01:15]} 23. Kh2 {[%clk 00:34:56]} Be5 {[%emt 00:04:53]} 24. Bf4 Rxa3
25. Qc2 bxc4 26. Bxe5 dxe5 27. Qxc4 Be6 28. Qc1 Ra2+ 29. Rb2 Ne3 30. Rxa2 Nxf1+
31. Qxf1 Bxa2 32. Ne2 Qa5 33. Qc1 c4 34. dxc4 Qc5 35. Qe1 Qe3 36. Qd1 Bxc4 37.
Ng1 Qf2+ 38. Kh1 Qxg3 {[%clk 00:37:14]} 0-1